[Event "Zuerich op-B 40th"]
[Site "Zuerich"]
[Date "2016.12.29"]
[Round "6"]
[White "Gross, Rainer"]
[Black "Giacomini, Plinio"]
[Result "0-1"]
[WhiteElo "1632"]
[BlackElo "1879"]
[PlyCount "58"]
[EventDate "2016.12.26"]
[EventType "swiss"]
[EventRounds "7"]
[EventCountry "SUI"]
[SourceTitle "EXT 2019"]
[Source "ChessBase"]
[SourceDate "2018.10.10"]
[SourceVersion "1"]
[SourceVersionDate "2018.10.10"]
[SourceQuality "1"]

1. c4 Nf6 2. d4 g6 3. Nf3 Bg7 4. Nc3 0-0 5. e3 d5 6. Be2 c6 7. 0-0 Nbd7 8. b3 Re8 9. Bb2 Nb6 10. c5 Nbd7 11. b4 Ne4 12. Nxe4 dxe4 13. Nd2 f5 14. Qb3+ Kh8 15. f3 exf3 16. Nxf3 e6 17. Bc4 Qe7 18. Rae1 Nf6 19. Ng5 h6 20. Nxe6 Bxe6 21. Bxe6 Qxe6 22. d5 Qxd5 23. Qc3 Nh5 24. Qc2 Bxb2 25. Qxb2+ Qe5 26. Qb3 Kg7 27. e4 f4 28. g3 Rf8 29. g4 Nf6 0-1